000 00330nam a2200121Ia 4500
008 220217s9999||||xx |||||||||||||| ||und||
082 _a005.13 HAN
100 _aHanna, Phil
245 0 _aComple reference JSP2.0
260 _aTata mcgraw hill company Ltd
_bNew Delhi
_c2003
300 _b525
650 _aPROGRAMMING LANGUAGE
999 _c175142
_d175142